[Event "BCF-chT3S 1718 (4NCL) Demotion pool"]
[Site "England"]
[Date "2018.05.06"]
[Round "10.54"]
[White "Myall, Ivan J"]
[Black "Piper, Stephen J"]
[Result "1-0"]
[WhiteElo "1991"]
[BlackElo "2075"]
[PlyCount "111"]
[EventDate "2017.11.11"]
[EventType "team-tourn"]
[EventRounds "11"]
[EventCountry "ENG"]
[SourceTitle "EXT 2020"]
[Source "ChessBase"]
[SourceDate "2019.10.17"]
[SourceVersion "1"]
[SourceVersionDate "2019.10.17"]
[SourceQuality "1"]
[WhiteTeam "Anglian Avengers II"]
[BlackTeam "The Rookies"]
[WhiteTeamCountry "ENG"]
[BlackTeamCountry "ENG"]

1. e4 g6 2. d4 Bg7 3. Nc3 d6 4. f4 a6 5. Nf3 b5 6. a4 b4 7. Nd5 c5 8. a5 Nd7 9. dxc5 dxc5 10. Bc4 e6 11. Ne3 Bb7 12. e5 Ne7 13. 0-0 0-0 14. Ng5 Nb8 15. Qg4 Nf5 16. c3 Qe7 17. Qh3 h6 18. Nf3 Nxe3 19. Bxe3 Nc6 20. Nd2 Na7 21. Nb3 Rfc8 22. Bf2 Nb5 23. Rfd1 bxc3 24. bxc3 Bf8 25. Bh4 Qc7 26. Bxe6 fxe6 27. Qxe6+ Qf7 28. Qxf7+ Kxf7 29. Rd7+ Ke6 30. Rxb7 Nxc3 31. Kf1 Rcb8 32. Rb6+ Kd5 33. Be1 Ne4 34. Rd1+ Kc4 35. Nd2+ Nxd2+ 36. Rxd2 Rxb6 37. axb6 Rb8 38. Rb2 Rb7 39. Ke2 Be7 40. Ke3 Kd5 41. Ba5 c4 42. Rd2+ Kc5 43. Ke4 Kb5 44. Rd5+ Kc6 45. g4 c3 46. Bxc3 Rxb6 47. f5 gxf5+ 48. gxf5 Rb3 49. f6 Bc5 50. Bd4 Bb4 51. f7 Rb1 52. Rd8 Rf1 53. e6 Be7 54. Ra8 Re1+ 55. Be3 Bc5 56. Rc8+ 1-0

[Event "BCF-chT3Sb 1718 (4NCL)"]
[Site "England"]
[Date "2018.01.13"]
[Round "3.74"]
[White "Davies, Matthew"]
[Black "Piper, Stephen J"]
[Result "1-0"]
[WhiteElo "1939"]
[BlackElo "2075"]
[PlyCount "69"]
[EventDate "2017.11.11"]
[EventType "team-tourn"]
[EventRounds "11"]
[EventCountry "ENG"]
[SourceTitle "EXT 2020"]
[Source "ChessBase"]
[SourceDate "2019.10.17"]
[SourceVersion "1"]
[SourceVersionDate "2019.10.17"]
[SourceQuality "1"]
[WhiteTeam "West is Best III"]
[BlackTeam "The Rookies"]
[WhiteTeamCountry "WLS"]
[BlackTeamCountry "ENG"]

1. d4 g6 2. c4 Bg7 3. Nf3 Nf6 4. Nc3 0-0 5. e4 d6 6. Be2 Nc6 7. 0-0 e5 8. d5 Ne7 9. Nd2 Ne8 10. b4 f5 11. a4 Nf6 12. a5 f4 13. c5 g5 14. f3 Ng6 15. a6 b6 16. Nb5 Ne8 17. Qc2 Bd7 18. Bb2 Rf6 19. Rfc1 h5 20. Ra3 Bf8 21. cxd6 cxd6 22. Rc3 Be7 23. Na3 g4 24. Bb5 gxf3 25. Bxd7 Qxd7 26. Nxf3 Rd8 27. Rc8 Rf7 28. Qc6 Qxc8 29. Qxc8 Rxc8 30. Rxc8 Rf8 31. Nb5 Kf7 32. Nxa7 Bf6 33. Nc6 Ne7 34. Nxe7 Bxe7 35. a7 1-0

[Event "BCF-chT3Sd 1516 (4NCL)"]
[Site "England"]
[Date "2016.03.20"]
[Round "8.99"]
[White "Piper, Stephen J"]
[Black "Rosen, Daniel B"]
[Result "1-0"]
[WhiteElo "2034"]
[BlackElo "2054"]
[PlyCount "49"]
[EventDate "2016.03.20"]
[EventType "team-swiss"]
[EventRounds "11"]
[EventCountry "ENG"]
[SourceTitle "EXT 2017"]
[Source "ChessBase"]
[SourceDate "2016.10.25"]
[SourceVersion "1"]
[SourceVersionDate "2016.10.25"]
[SourceQuality "1"]
[WhiteTeam "The Rookies"]
[BlackTeam "Poisoned Pawns"]
[WhiteTeamCountry "ENG"]
[BlackTeamCountry "ENG"]

1. c4 e5 2. Nc3 Nc6 3. g3 f5 4. Bg2 Nf6 5. d3 Bb4 6. Bd2 0-0 7. a3 Bxc3 8. Bxc3 d6 9. e3 f4 10. gxf4 exf4 11. e4 Ng4 12. Nf3 Nce5 13. Qe2 b5 14. cxb5 Be6 15. Nd4 Bd7 16. h3 Nxf2 17. Kxf2 Qh4+ 18. Kg1 f3 19. Nxf3 Nxf3+ 20. Bxf3 Qg3+ 21. Bg2 Bxb5 22. Qg4 Qe3+ 23. Kh2 g6 24. Qe6+ Rf7 25. Rhf1 1-0

[Event "BCF-chT3 1415 (4NCL)"]
[Site "England"]
[Date "2015.05.02"]
[Round "10.99"]
[White "Piper, Stephen J"]
[Black "Connor, Stephen J"]
[Result "0-1"]
[WhiteElo "2035"]
[BlackElo "2004"]
[PlyCount "84"]
[EventDate "2015.03.21"]
[EventType "team-swiss"]
[EventRounds "11"]
[EventCountry "ENG"]
[SourceTitle "EXT 2016"]
[Source "ChessBase"]
[SourceDate "2015.10.08"]
[SourceVersion "1"]
[SourceVersionDate "2015.10.08"]
[SourceQuality "1"]
[WhiteTeam "The Rookies"]
[BlackTeam "Spirit of Atticus II"]
[WhiteTeamCountry "ENG"]
[BlackTeamCountry "ENG"]

1. c4 Nf6 2. g3 g6 3. Bg2 Bg7 4. Nc3 0-0 5. e4 d6 6. Nge2 e5 7. d3 Nbd7 8. 0-0 c6 9. h3 Re8 10. Be3 Nc5 11. f4 Nfd7 12. d4 Na6 13. fxe5 dxe5 14. d5 Nb6 15. b3 c5 16. a3 Rf8 17. Qd2 Bd7 18. Rab1 Nc8 19. Nb5 b6 20. Nec3 Bxb5 21. cxb5 Nc7 22. b4 cxb4 23. Rxb4 Nd6 24. h4 Qd7 25. a4 Qe7 26. Ne2 f5 27. Rc1 Nce8 28. Rc6 fxe4 29. Bxe4 Nxe4 30. Rxe4 Nd6 31. Rb4 Rf3 32. Kg2 Raf8 33. Bf4 Ra3 34. Bg5 Qf7 35. Nf4 exf4 36. Bxf4 Be5 37. Qc1 Qxd5+ 38. Kh3 Qe6+ 39. Kg2 Ra2+ 40. Kg1 Qh3 41. Rc2 Bxf4 42. gxf4 Qg3+ 0-1

[Event "BCF-chT3 1415 (4NCL)"]
[Site "England"]
[Date "2015.03.22"]
[Round "8.98"]
[White "Taylor, Adam A"]
[Black "Piper, Stephen J"]
[Result "1/2-1/2"]
[WhiteElo "2069"]
[BlackElo "2035"]
[PlyCount "142"]
[EventDate "2015.03.21"]
[EventType "team-swiss"]
[EventRounds "11"]
[EventCountry "ENG"]
[SourceTitle "EXT 2016"]
[Source "ChessBase"]
[SourceDate "2015.10.08"]
[SourceVersion "1"]
[SourceVersionDate "2015.10.08"]
[SourceQuality "1"]
[WhiteTeam "e2e4.org.uk II"]
[BlackTeam "The Rookies"]
[WhiteTeamCountry "ENG"]
[BlackTeamCountry "ENG"]

1. Nf3 g6 2. d4 Bg7 3. g3 d6 4. Bg2 Nd7 5. 0-0 Ngf6 6. Nc3 0-0 7. a4 a5 8. Bf4 c6 9. e4 Nb6 10. b3 Nh5 11. Be3 f5 12. exf5 Bxf5 13. Nh4 Be6 14. Ne4 Nd5 15. Ng5 Nxe3 16. fxe3 Bd7 17. Qd3 Nf6 18. Rad1 e6 19. Nhf3 Qe7 20. e4 h6 21. Nh3 e5 22. dxe5 dxe5 23. Nf2 Bg4 24. Nxg4 Nxg4 25. Qc3 Qc7 26. Qc5 Rf7 27. Kh1 Bf8 28. Qc4 Ne3 29. Qe6 Qe7 30. Qxg6+ Bg7 31. Rde1 Nxf1 32. Rxf1 Qf8 33. Qh5 Qc5 34. Bh3 Raf8 35. Bf5 Qxc2 36. Nh4 Rxf5 37. exf5 Qxb3 38. Qg4 Qd5+ 39. Ng2 Qd4 40. Qg6 Rf6 41. Qe8+ Kh7 42. Qc8 Qxa4 43. h3 Qb3 44. Kh2 Qd3 45. Rf2 b5 46. g4 Qd4 47. Re2 a4 48. Nh4 Qd1 49. Rg2 Qd6 50. Ng6 e4+ 51. Kh1 a3 52. h4 a2 53. Rxa2 Qd1+ 54. Kh2 Qxg4 55. Ne7 Qxh4+ 56. Kg2 Rf8 57. Qe6 Qf6 58. Qxe4 Qe5 59. Qxe5 Bxe5 60. Nxc6 Rxf5 61. Nxe5 Rxe5 62. Ra6 Re2+ 63. Kf3 Rb2 64. Ke4 b4 65. Rb6 Rb1 66. Kf5 Rf1+ 67. Ke5 Re1+ 68. Kf6 Rf1+ 69. Ke5 Rh1 70. Rxb4 Rh5+ 71. Kf6 Rg5 1/2-1/2

[Event "BCF-chT3 1415 (4NCL)"]
[Site "England"]
[Date "2015.03.21"]
[Round "7.76"]
[White "Piper, Stephen J"]
[Black "Hamer, Martyn"]
[Result "1/2-1/2"]
[WhiteElo "2035"]
[BlackElo "2014"]
[PlyCount "72"]
[EventDate "2015.03.21"]
[EventType "team-swiss"]
[EventRounds "11"]
[EventCountry "ENG"]
[SourceTitle "EXT 2016"]
[Source "ChessBase"]
[SourceDate "2015.10.08"]
[SourceVersion "1"]
[SourceVersionDate "2015.10.08"]
[SourceQuality "1"]
[WhiteTeam "The Rookies"]
[BlackTeam "Manchester Manticores II"]
[WhiteTeamCountry "ENG"]
[BlackTeamCountry "ENG"]

1. c4 e6 2. g3 d5 3. Bg2 Nf6 4. Nf3 Be7 5. 0-0 0-0 6. b3 c5 7. Bb2 Nc6 8. cxd5 Nxd5 9. d4 cxd4 10. Bxd4 Nxd4 11. Nxd4 Bf6 12. e3 Qe7 13. Bxd5 exd5 14. Nc3 Rd8 15. Qf3 Be6 16. Rfd1 Rac8 17. Rac1 Qb4 18. Nxe6 fxe6 19. Ne2 Bb2 20. Rxc8 Rxc8 21. Nf4 Rc6 22. Nd3 Qc3 23. Qh5 g6 24. Qh4 Ba3 25. Qg4 Kg7 26. Nf4 Qe5 27. Qe2 a6 28. h4 Qe4 29. Nd3 h5 30. f3 Qf5 31. Kg2 Qf6 32. e4 dxe4 33. Qxe4 Rc2+ 34. Nf2 Rc7 35. Nd3 Rc2+ 36. Nf2 Rc7 1/2-1/2

[Event "BCF-chT3S 1415 (4NCL)"]
[Site "England"]
[Date "2015.02.14"]
[Round "5.55"]
[White "Maciol, Ryszard"]
[Black "Piper, Stephen J"]
[Result "1-0"]
[WhiteElo "2210"]
[BlackElo "2047"]
[PlyCount "61"]
[EventDate "2014.11.15"]
[EventType "team-swiss"]
[EventRounds "6"]
[EventCountry "ENG"]
[SourceTitle "EXT 2016"]
[Source "ChessBase"]
[SourceDate "2015.10.08"]
[SourceVersion "1"]
[SourceVersionDate "2015.10.08"]
[SourceQuality "1"]
[WhiteTeam "Celtic Tigers"]
[BlackTeam "The Rookies"]
[WhiteTeamCountry "ENG"]
[BlackTeamCountry "ENG"]

1. d4 Nf6 2. c4 e6 3. Nc3 Bb4 4. e3 Bxc3+ 5. bxc3 0-0 6. Bd3 d6 7. e4 Nbd7 8. Ne2 e5 9. Ng3 Re8 10. 0-0 Nf8 11. f4 c5 12. fxe5 dxe5 13. Bg5 cxd4 14. Bxf6 gxf6 15. Nh5 f5 16. exf5 Qh4 17. cxd4 Qxd4+ 18. Kh1 Qh4 19. Rf3 Kh8 20. Rg3 Rd8 21. Qe2 f6 22. Bc2 Rd4 23. c5 h6 24. Rd1 Rxd1+ 25. Qxd1 Bd7 26. Qd5 Be6 27. fxe6 Qxh5 28. e7 Nh7 29. Bg6 Qe2 30. Qd8+ Kg7 31. Qd3 1-0

[Event "BCF-chT3S 1415 (4NCL)"]
[Site "England"]
[Date "2014.11.15"]
[Round "1.238"]
[White "Piper, Stephen J"]
[Black "Davies, Peter L"]
[Result "1/2-1/2"]
[WhiteElo "2048"]
[BlackElo "1973"]
[PlyCount "95"]
[EventDate "2014.11.15"]
[EventType "team-swiss"]
[EventRounds "6"]
[EventCountry "ENG"]
[SourceTitle "CBM 163 Extra"]
[Source "ChessBase"]
[SourceDate "2014.12.23"]
[SourceVersion "1"]
[SourceVersionDate "2014.12.23"]
[SourceQuality "1"]
[WhiteTeam "The Rookies"]
[BlackTeam "The Full Ponty"]
[WhiteTeamCountry "ENG"]
[BlackTeamCountry "ENG"]

1. c4 Nf6 2. Nc3 c5 3. g3 g6 4. Bg2 Bg7 5. d3 0-0 6. e4 d6 7. Nge2 Nc6 8. h3 e5 9. Bg5 h6 10. Be3 Rb8 11. Qd2 Kh7 12. 0-0 Nd4 13. f4 Ng8 14. f5 b5 15. fxg6+ fxg6 16. Rxf8 Qxf8 17. Bxd4 cxd4 18. Nxb5 a6 19. Na3 h5 20. Rf1 Qe7 21. b3 Be6 22. Nc2 Nf6 23. Kh2 Qc7 24. Ng1 Bh6 25. Qe1 Rf8 26. Nf3 Qb6 27. Kh1 Qc7 28. h4 Bg4 29. Ng5+ Kg8 30. Rf2 Qe7 31. Nb4 Bc8 32. Nh3 Ng4 33. Rxf8+ Qxf8 34. Nd5 Ne3 35. Nxe3 Bxe3 36. Qf1 Bg4 37. Qxf8+ Kxf8 38. Bf1 Bxh3 39. Bxh3 a5 40. Kg2 Ke7 41. Kf3 Bd2 42. Ke2 Bc3 43. Kf3 Kf6 44. Bd7 Be1 45. a3 Bc3 46. Ke2 Kg7 47. Kd1 Kf7 48. Ke2 1/2-1/2

[Event "BCF-chT3 1314 (4NCL)"]
[Site "England"]
[Date "2014.05.05"]
[Round "11.10"]
[White "Winter, Kevin"]
[Black "Piper, Stephen J"]
[Result "0-1"]
[WhiteElo "1837"]
[BlackElo "2047"]
[PlyCount "104"]
[EventDate "2013.11.16"]
[EventType "team-swiss"]
[EventRounds "11"]
[EventCountry "ENG"]
[SourceTitle "EXT 2015"]
[Source "ChessBase"]
[SourceDate "2014.11.20"]
[SourceVersion "1"]
[SourceVersionDate "2014.11.20"]
[SourceQuality "1"]
[WhiteTeam "e2e4.org.uk V"]
[BlackTeam "The Rookies"]
[WhiteTeamCountry "ENG"]
[BlackTeamCountry "ENG"]

1. e4 g6 2. Nc3 c6 3. Bc4 b5 4. Be2 b4 5. Nb1 Bg7 6. Nf3 Nf6 7. d3 d6 8. 0-0 0-0 9. Nbd2 Na6 10. Re1 Nc5 11. e5 Nd5 12. d4 Ne6 13. Nc4 Nef4 14. Bf1 Bb7 15. g3 Ne6 16. Bh3 c5 17. Bxe6 fxe6 18. Ng5 Nc7 19. Na5 Bd5 20. dxc5 dxc5 21. Bf4 Nb5 22. Nb3 Rc8 23. Qg4 Qb6 24. Rad1 h6 25. Nh3 g5 26. Rxd5 exd5 27. Bc1 Qg6 28. Nf4 Qxc2 29. Qe6+ Kh7 30. Ne2 Qf5 31. Qxf5+ Rxf5 32. f4 g4 33. Bd2 Rff8 34. Rc1 c4 35. Nbd4 Nxd4 36. Nxd4 a5 37. Ne6 Rfe8 38. Be3 Rc6 39. Nd4 Ra6 40. Kf2 e6 41. Kg2 Bf8 42. h3 gxh3+ 43. Kxh3 Bc5 44. g4 Bxd4 45. Bxd4 Rf8 46. Kg3 Rc6 47. g5 hxg5 48. fxg5 Kg7 49. Kg4 c3 50. b3 c2 51. Bb2 Rf2 52. Re1 Rd2 0-1

[Event "BCF-chT3 1314 (4NCL)"]
[Site "England"]
[Date "2014.03.22"]
[Round "7.165"]
[White "Piper, Stephen J"]
[Black "Horspool, Philip"]
[Result "0-1"]
[WhiteElo "2047"]
[BlackElo "2013"]
[PlyCount "94"]
[EventDate "2013.11.16"]
[EventType "team-swiss"]
[EventRounds "11"]
[EventCountry "ENG"]
[SourceTitle "EXT 2015"]
[Source "ChessBase"]
[SourceDate "2014.11.20"]
[SourceVersion "1"]
[SourceVersionDate "2014.11.20"]
[SourceQuality "1"]
[WhiteTeam "The Rookies"]
[BlackTeam "e2e4.org.uk III"]
[WhiteTeamCountry "ENG"]
[BlackTeamCountry "ENG"]

1. c4 Nf6 2. Nc3 g6 3. g3 d5 4. cxd5 Nxd5 5. Bg2 Nb6 6. Nf3 Bg7 7. 0-0 0-0 8. d3 Bd7 9. Bf4 Bc6 10. e4 Na6 11. d4 h6 12. h4 Kh7 13. a3 Bd7 14. Qc1 c6 15. Rd1 Rc8 16. Ne5 Be6 17. Qc2 Qe8 18. b4 Nd7 19. Nf3 Bg4 20. e5 f6 21. Re1 Qf7 22. Nh2 Bf5 23. Qe2 fxe5 24. dxe5 Be6 25. Nf3 Nc7 26. Rad1 Nb6 27. Ne4 Kh8 28. Qd2 Nc4 29. Qc1 Bg4 30. Rd3 b5 31. Bxh6 Bf5 32. Nfg5 Qg8 33. Bxg7+ Qxg7 34. f4 Nd5 35. Rd4 a5 36. Nc5 axb4 37. Bxd5 cxd5 38. axb4 Rxc5 39. bxc5 e6 40. Qc3 Qa7 41. Qb4 Rc8 42. Qxb5 Rb8 43. Qc6 Qa3 44. Qc7 Qxg3+ 45. Kf1 Ne3+ 46. Rxe3 Rb1+ 47. Ke2 Qg2# 0-1

[Event "BCF-chT3S 1213 (4NCL)"]
[Site "England"]
[Date "2013.02.23"]
[Round "5.67"]
[White "Amato, Giampiero"]
[Black "Piper, Stephen J"]
[Result "0-1"]
[WhiteElo "1969"]
[BlackElo "2057"]
[PlyCount "82"]
[EventDate "2012.11.03"]
[EventType "team-swiss"]
[EventRounds "6"]
[EventCountry "ENG"]
[SourceTitle "EXT 2014"]
[Source "ChessBase"]
[SourceDate "2013.11.20"]
[SourceVersion "1"]
[SourceVersionDate "2013.11.20"]
[SourceQuality "1"]
[WhiteTeam "BCM Rhinos II"]
[BlackTeam "The Rookies"]
[WhiteTeamCountry "ENG"]
[BlackTeamCountry "ENG"]

1. e4 c5 2. Nf3 d6 3. d4 cxd4 4. Nxd4 Nf6 5. Nc3 a6 6. Be3 g6 7. Be2 Bg7 8. 0-0 0-0 9. f4 Qc7 10. Bf3 e5 11. Nb3 Be6 12. fxe5 dxe5 13. Nc5 Bc4 14. Rf2 b6 15. N5a4 Nbd7 16. Nd5 Nxd5 17. exd5 e4 18. Bxe4 Qe5 19. Nc3 f5 20. Bf4 Qd4 21. Qxd4 Bxd4 22. Bf3 Nf6 23. Rd1 Bxf2+ 24. Kxf2 Kf7 25. Bc7 Nd7 26. b3 Rac8 27. d6 Be6 28. Bb7 Rxc7 29. dxc7 Nc5 30. Bd5 Rc8 31. Bxe6+ Kxe6 32. Nd5 b5 33. Ke3 a5 34. Kd4 Na6 35. Re1+ Kd6 36. Re7 Nb4 37. Nb6 Nc6+ 38. Kd3 Nxe7 39. Nxc8+ Nxc8 40. Kd4 Ne7 41. h4 Nc6+ 0-1

[Event "Torquay e2e4 op"]
[Site "Torquay"]
[Date "2013.02.10"]
[Round "5"]
[White "Abbott, Mark V"]
[Black "Piper, Stephen J"]
[Result "0-1"]
[WhiteElo "1971"]
[BlackElo "2057"]
[PlyCount "76"]
[EventDate "2013.02.08"]
[EventType "swiss"]
[EventRounds "5"]
[EventCountry "ENG"]
[SourceTitle "CBM 152 Extra"]
[Source "ChessBase"]
[SourceDate "2013.02.25"]
[SourceVersion "1"]
[SourceVersionDate "2013.02.25"]
[SourceQuality "1"]

1. d4 Nf6 2. c4 e6 3. Nc3 c5 4. d5 exd5 5. cxd5 d6 6. e4 g6 7. Nf3 Bg7 8. h3 0-0 9. Bd3 a6 10. a4 Nbd7 11. 0-0 Qc7 12. Bf4 Re8 13. Nd2 Nh5 14. Bh2 Bf6 15. f4 Bd4+ 16. Kh1 Nb6 17. a5 Nd7 18. e5 dxe5 19. f5 Nf4 20. Bxf4 exf4 21. fxg6 hxg6 22. Nde4 Be5 23. Qg4 c4 24. Bc2 Nc5 25. Qg5 Nxe4 26. Nxe4 Qd8 27. Qh6 Bf5 28. Ng5 Qf6 29. Bxf5 Qxf5 30. g3 Bg7 31. Qh4 Qxd5+ 32. Rf3 Re5 33. Qxf4 Rxg5 34. g4 Re5 35. Raf1 Rae8 36. Qxf7+ Qxf7 37. Rxf7 Re1 38. Kg2 Rxf1 0-1

[Event "Torquay e2e4 op"]
[Site "Torquay"]
[Date "2013.02.10"]
[Round "4"]
[White "Piper, Stephen J"]
[Black "Bennett, Dominic"]
[Result "0-1"]
[WhiteElo "2057"]
[BlackElo "2009"]
[PlyCount "68"]
[EventDate "2013.02.08"]
[EventType "swiss"]
[EventRounds "5"]
[EventCountry "ENG"]
[SourceTitle "CBM 152 Extra"]
[Source "ChessBase"]
[SourceDate "2013.02.25"]
[SourceVersion "1"]
[SourceVersionDate "2013.02.25"]
[SourceQuality "1"]

1. e4 c5 2. Nf3 e6 3. Be2 d6 4. d4 cxd4 5. Nxd4 Nf6 6. Nc3 Be7 7. 0-0 0-0 8. Be3 e5 9. Nb3 Kh8 10. f4 a6 11. a4 Be6 12. Nd5 Bxd5 13. exd5 Nbd7 14. fxe5 Nxe5 15. c4 Re8 16. Nd4 Ng8 17. Ra3 Rc8 18. Rc3 Bf6 19. Kh1 Ne7 20. Bg1 Rc7 21. Rh3 Qc8 22. Rxf6 gxf6 23. Bd3 Nxd3 24. Qh5 Qxh3 25. Qxh3 Nxb2 26. Qf3 Ng8 27. Nf5 Re5 28. Nxd6 Nxc4 29. Qc3 Rxd5 30. Ne8 Rc6 31. Bd4 Ne5 32. Qg3 Rc1+ 33. Bg1 Ng6 34. h4 Rh5 0-1

[Event "Torquay e2e4 op"]
[Site "Torquay"]
[Date "2013.02.08"]
[Round "1"]
[White "Slade, Theodore"]
[Black "Piper, Stephen J"]
[Result "1/2-1/2"]
[WhiteElo "1775"]
[BlackElo "2057"]
[PlyCount "90"]
[EventDate "2013.02.08"]
[EventType "swiss"]
[EventRounds "5"]
[EventCountry "ENG"]
[SourceTitle "CBM 152 Extra"]
[Source "ChessBase"]
[SourceDate "2013.02.25"]
[SourceVersion "1"]
[SourceVersionDate "2013.02.25"]
[SourceQuality "1"]

1. d4 Nf6 2. Bg5 Ne4 3. Bf4 d5 4. f3 Nf6 5. Nc3 e6 6. e4 Bb4 7. Bd3 c5 8. dxc5 Nc6 9. Nge2 d4 10. a3 Bxc5 11. Na4 Be7 12. c3 e5 13. Bg3 a6 14. cxd4 exd4 15. Rc1 Nh5 16. Bf2 Bg5 17. Rc5 Nf4 18. Nxf4 Bxf4 19. Rd5 Qc7 20. g3 Bd6 21. Bxd4 Nxd4 22. Rxd4 0-0 23. Qc2 b5 24. Qxc7 Bxc7 25. Nc3 Be6 26. f4 Rfd8 27. Rxd8+ Rxd8 28. Ke2 Bg4+ 29. Kd2 Be6 30. Kc2 h5 31. Rd1 Rc8 32. Kb1 Kf8 33. Nd5 Bxd5 34. exd5 Bd6 35. a4 bxa4 36. Bxa6 Ra8 37. Bb5 a3 38. bxa3 Rxa3 39. Kb2 Ra5 40. Bc6 Rc5 41. Re1 g6 42. Kb3 Kg7 43. Re8 h4 44. Re4 hxg3 45. hxg3 Rc1 1/2-1/2

[Event "Sunningdale e2e4 Autumn op"]
[Site "Sunningdale"]
[Date "2011.09.17"]
[Round "3"]
[White "Piper, Stephen J"]
[Black "Savage, Nicholas W"]
[Result "1-0"]
[WhiteElo "2045"]
[BlackElo "2133"]
[PlyCount "61"]
[EventDate "2011.09.16"]
[EventType "swiss"]
[EventRounds "5"]
[EventCountry "ENG"]
[SourceTitle "CBM 144 Extra"]
[Source "ChessBase"]
[SourceDate "2011.10.28"]
[SourceVersion "1"]
[SourceVersionDate "2011.10.28"]
[SourceQuality "1"]

1. c4 Nf6 2. Nc3 c5 3. g3 d5 4. cxd5 Nxd5 5. Bg2 Nc7 6. Nf3 Nc6 7. 0-0 e5 8. d3 Be7 9. Nd2 Bd7 10. Nc4 f6 11. Qb3 Rb8 12. a4 Nd4 13. Qd1 0-0 14. e3 Nc6 15. b3 Nb4 16. Ba3 Bf5 17. Bxb4 cxb4 18. Ne4 Qd7 19. Qc2 Rfd8 20. Rfd1 Nd5 21. Rd2 Qe6 22. Rc1 Bg6 23. h4 h6 24. d4 f5 25. Bh3 Qc6 26. h5 Bh7 27. Nc5 Bxc5 28. dxc5 Qxc5 29. e4 fxe4 30. Be6+ Kh8 31. Rcd1 1-0